Every 100,000+ City in Portugal in Order - Statistics

General Stats
  • This quiz has been taken 68 times
    29 since last reset
  • The average score is 8 of 14
Answer Stats
Letter Population City % Correct
L 3,161,260 Lisbon
100%
P 1,408,582 Porto
100%
B 172,256 Braga
71%
V-N-D-G 325,956 Vila Nova de Gaia
71%
C 110,730 Coimbra
67%
A 187,103 Amadora
62%
S 119,492 Setúbal
57%
A 204,774 Almada
52%
F 127,355 Funchal
43%
G 102,159 Guimarães
33%
O 151,460 Odivelas
29%
Q 104,226 Queluz
29%
M 143,129 Matosinhos
24%
A-M-M 130,556 Algueirão–Mem Martins
19%
No matching quizzes found
Score Distribution
Percent of People with Each Score
Percentile by Number Answered
Your Score History
You have not taken this quiz since the last reset